Injustices : (Record no. 40565)

MARC details
000 -LEADER
campo de control de longitud fija 01202cam a2200337Ma 4500
001 - NÚMERO DE CONTROL
campo de control 91879
005 - FECHA Y HORA DE LA ÚLTIMA TRANSACCIÓN
campo de control 20230410115416.0
008 - DATOS DE LONGITUD FIJA--INFORMACIÓN GENERAL
campo de control de longitud fija 061223s2006 fr 000 0 fre d
035 ## - NÚMERO DE CONTROL DEL SISTEMA
Número de control de sistema (OCoLC)ocn237086248
040 ## - FUENTE DE CATALOGACIÓN
Centro catalogador/agencia de origen GEBAY
Normas de descripción aacr
Lengua de catalogación ger
Centro/agencia transcriptor GEBAY
Centro/agencia modificador GBVCP
-- CHVBK
020 ## - NÚMERO INTERNACIONAL ESTÁNDAR DEL LIBRO
Número Internacional Estándar del Libro 2020863782
020 ## - NÚMERO INTERNACIONAL ESTÁNDAR DEL LIBRO
Número Internacional Estándar del Libro 9782020863780
029 1# - OTRO NÚMERO DE CONTROL DE SISTEMA (OCLC)
Identificador de la biblioteca OCLC CHVBK
Número de control de sistema 066873703
035 ## - NÚMERO DE CONTROL DEL SISTEMA
Número de control de sistema (OCoLC)237086248
050 14 - SIGNATURA TOPOGRÁFICA DE LA BIBLIOTECA DEL CONGRESO
Número de clasificación HD 4903.5
Número de ítem D814i 2006
100 1# - ENTRADA PRINCIPAL--NOMBRE DE PERSONA
Nombre de persona Dubet, Francois
245 10 - MENCIÓN DEL TÍTULO
Título Injustices :
Resto del título l'experience des inegalites au travail /
Mención de responsabilidad, etc. Francois Dubet, avec Valérie Caillet ... [et al.].
260 ## - PUBLICACIÓN, DISTRIBUCIÓN, ETC.
Lugar de publicación, distribución, etc. Paris :
Nombre del editor, distribuidor, etc. Seuil,
Fecha de publicación, distribución, etc. c2006.
300 ## - DESCRIPCIÓN FÍSICA
Extensión 490, [14] p. :
Otras características físicas ill. ;
Dimensiones 22 cm.
650 #0 - PUNTO DE ACCESO ADICIONAL DE MATERIA--TÉRMINO DE MATERIA
Término de materia o nombre geográfico como elemento de entrada Discrimination in employment
Subdivisión geográfica France.
650 #0 - PUNTO DE ACCESO ADICIONAL DE MATERIA--TÉRMINO DE MATERIA
Término de materia o nombre geográfico como elemento de entrada Industrial sociology
Subdivisión geográfica France.
650 #4 - PUNTO DE ACCESO ADICIONAL DE MATERIA--TÉRMINO DE MATERIA
Término de materia o nombre geográfico como elemento de entrada Discriminación laboral.
650 #4 - PUNTO DE ACCESO ADICIONAL DE MATERIA--TÉRMINO DE MATERIA
Término de materia o nombre geográfico como elemento de entrada Sociología industrial.
650 #4 - PUNTO DE ACCESO ADICIONAL DE MATERIA--TÉRMINO DE MATERIA
Término de materia o nombre geográfico como elemento de entrada Discriminación laboral
Subdivisión geográfica Francia.
650 #4 - PUNTO DE ACCESO ADICIONAL DE MATERIA--TÉRMINO DE MATERIA
Término de materia o nombre geográfico como elemento de entrada Industrial sociology
Subdivisión geográfica France.
700 1# - ENTRADA AGREGADA--NOMBRE PERSONAL
Nombre de persona Caillet, Valerie
856 ## - LOCALIZACIÓN Y ACCESO ELECTRÓNICOS
Identificador Uniforme de Recursos <a href="http://bvbr.bib-bvb.de:8991/F?func=service&doclibrary=BVB01&docnumber=015407932&linenumber=0001&funccode=DBöRECORDS&serviceötype=MEDIA">http://bvbr.bib-bvb.de:8991/F?func=service&doclibrary=BVB01&docnumber=015407932&linenumber=0001&funccode=DBöRECORDS&serviceötype=MEDIA</a>
Nota pública Inhaltsverzeichnis
942 ## - ELEMENTOS DE ENTRADA SECUNDARIOS (KOHA)
Fuente del sistema de clasificación o colocación Clasificación de Library of Congress
Tipo de ítem Koha
994 ## -
-- C0
-- DRFGD
946 ## - PROCESAMIENTO DE INFORMACIÓN LOCAL (OCLC)
a nc
Holdings
Estatus retirado Estado de pérdida Fuente del sistema de clasificación o colocación Estado de daño No para préstamo Colección Biblioteca de origen Biblioteca actual Ubicación en estantería Fecha de adquisición Serial enumeration / chronology Signatura topográfica completa Código de barras Visto por última vez Copia número Tipo de ítem Koha
    Clasificación de Library of Congress     Ciencias Sociales Biblioteca Juan Bosch Biblioteca Juan Bosch Ciencias Sociales (3er. Piso) 10/04/2023 1 HD 4903.5 D814i 2006 00000084990 24/10/2018 1